| 000 | 00688cam a2200217 a 4500 | ||
|---|---|---|---|
| 001 | 17464673 | ||
| 005 | 20240826125304.0 | ||
| 008 | 120912s2014 moua b 001 0 eng | ||
| 020 | _a9780323101097 (pbk. : alk. paper) | ||
| 050 | 0 | 0 |
_aRT41 _b.C564 2014 |
| 082 | 0 | 0 |
_a610.73 _223 |
| 245 | 0 | 0 |
_aContemporary nursing : _bissues, trends, & management / _c[edited by] Barbara Cherry, Susan R. Jacob. |
| 250 | _a6th ed. | ||
| 260 |
_aSt. Louis, Mo. : _bElsevier, _cc2014. |
||
| 300 |
_axvi, 527 p. : _bcol. ill. ; _c24 cm. |
||
| 650 | 1 | 2 |
_aNursing _zUnited States. |
| 650 | 2 | 2 |
_aNursing Care _zUnited States. |
| 700 | 1 |
_aCherry, Barbara, _cMSN. |
|
| 700 | 1 | _aJacob, Susan R. | |
| 942 |
_2lcc _cBK _n0 |
||
| 999 |
_c19 _d19 |
||